Historia de la iglesia desde nuestro señor Jesucristo hasta el pontificado de Pío IX

Detalles Bibliográficos
Autor principal: POSTEL, V. (Abad)
Formato: Libro
Publicado: Barcelona 1863
Materias:
Colección:Banco de datos
Acervo:Biblioteca del Ex Convento de Nuestra Señora de Guadalupe. Zacatecas
Tema general:Historia Eclesiástica
Notas:Buena. V,7,19(1557). La guarda anterior presenta un ex libris manuscrito de fray Joaquín D. Cabrera, mismo que se encuentra censurado. Ex libris manuscrito de Zubía. Sin marca de fuego
LEADER 00873nam a22001930004500
035 |a 41051 
036 |a 2235 
100 1 |a POSTEL, V. (Abad) 
245 1 0 |a Historia de la iglesia desde nuestro señor Jesucristo hasta el pontificado de Pío IX 
260 |a Barcelona  |b imp. Pablo Riera  |c 1863 
500 |a Buena. V,7,19(1557). La guarda anterior presenta un ex libris manuscrito de fray Joaquín D. Cabrera, mismo que se encuentra censurado. Ex libris manuscrito de Zubía. Sin marca de fuego 
650 1 0 |a Historia Eclesiástica 
949 |a CRZ-CG 
959 |a Ex convento de Nuestra Señora de Guadalupe, Museo Regional de Zacatecas, Zacatecas  |b CCC4 
960 |a Convento de Nuestra Señora de Guadalupe, Zacatecas  |b DD87 
961 |a Franciscana  |b OF 
942 |c CRZ-CG 
943 |g Biblioteca del Ex Convento de Nuestra Señora de Guadalupe. Zacatecas 
999 |c 965178  |d 965178